000 01599nam0a22003011 4500
001 rc\2774077
005 20250806204609.0
035 _a(NLR Aleph) 006900396
090 _a29126
_c29126
100 _a20110915d1941 u y0rusy50 ca
101 0 _arus
102 _aRU
105 _aa z |||a|
200 1 _aРустам и Сухроб
_eТрагедия в 3 д., [11 карт.]
_e[По мотивам поэмы Фирдоуси Шах-намэ]
_e[Сб. статей к постановке и либретто]
_fВ. Волькенштейн, А. Пир-Мухамед-Зода
210 _aМосква
_aЛенинград
_cИскусство
_d1941
_eМосква
215 _a28 с.
_cил.
_d21 см.
225 1 _a[Декада таджикского искусства в Москве]
_fКом-т по делам искусств при СНК СССР. [Тадж. гос. акад. театр драмы им. Лахути]
300 _aНа 13-й с. указаны авторы пьесы: В. Волькенштейн и А. Пир-Мухамед-Зода
702 1 _aВолькенштейн
_bВ. михайлович
_gВладимир михайлович
_4570
702 1 _aПирмухаммедзоде
_bА.
_gАбдусалям
_4570
710 0 2 _aТаджикский театр драмы им. Лахути
_cДушанбе
_3RU\NLR\AUTH\889919969
801 0 _aRU
_bNLR
_gpsbo
801 1 _aRU
_bELAR
_2rusmarc
852 _aNLR
_jИс70 Г-4/14
942 _cBOOK
945 _aРоссийская национальная библиотека
980 _aNB
980 _aBV